[Event "Madrid ch final 2006"]
[Site "Madrid ESP"]
[Date "2006.03.01"]
[Round "1.1"]
[White "Vazquez, Renier"]
[Black "Alonso Fernandez, Marcos"]
[Result "1-0"]
[WhiteElo "2513"]
[BlackElo "2249"]
[PlyCount "47"]
[EventDate "2006.03.02"]
[EventType "tourn"]
[EventRounds "11"]
[EventCountry "ESP"]
[EventCategory "3"]
[Source "lmi"]
[SourceDate "2006.03.18"]

1. d4 d5 2. c4 e6 3. Nc3 Nf6 4. cxd5 exd5 5. Bg5 Be7 6. e3 Nbd7 7. Bd3 O-O 8.
Nf3 Re8 9. O-O Nf8 10. h3 Ng6 11. Qc2 c6 12. Bxf6 Bxf6 13. b4 Be6 14. Na4 b6
15. Rab1 Qd7 16. Rfc1 Bxh3 17. gxh3 Qxh3 18. Nh2 Be7 19. Bf1 Qh4 20. Qf5 Bd6
21. Nf3 Qd8 22. Ne5 Rc8 23. Qxf7+ Kh8 24. Nxg6+ 1-0

[Event "Madrid ch final 2006"]
[Site "Madrid ESP"]
[Date "2006.03.01"]
[Round "1.2"]
[White "Perez Gonzalez, Jose Manuel"]
[Black "Elissalt Cardenas, Hector"]
[Result "1/2-1/2"]
[WhiteElo "2262"]
[BlackElo "2345"]
[PlyCount "45"]
[EventDate "2006.03.02"]
[EventType "tourn"]
[EventRounds "11"]
[EventCountry "ESP"]
[EventCategory "3"]
[Source "lmi"]
[SourceDate "2006.03.18"]

1. e4 e6 2. d4 d5 3. e5 c5 4. c3 Nc6 5. Nf3 Qb6 6. Bd3 Bd7 7. dxc5 Bxc5 8. O-O
Qc7 9. b4 Bb6 10. Qe2 Nge7 11. Bf4 f5 12. exf6 Qxf4 13. fxe7 Bc7 14. Re1 Nxe7
15. Nbd2 O-O 16. Nb3 Rf6 17. Nc5 Bc8 18. Bc2 Qh6 19. Ne5 Bxe5 20. Qxe5 Nc6 21.
Qg3 g6 22. Rad1 Qf8 23. Nd3 1/2-1/2

[Event "Madrid ch final 2006"]
[Site "Madrid ESP"]
[Date "2006.03.01"]
[Round "1.5"]
[White "Pastor Alonso, Alberto"]
[Black "Moreno Ruiz, Javier"]
[Result "1/2-1/2"]
[WhiteElo "2192"]
[BlackElo "2485"]
[PlyCount "57"]
[EventDate "2006.03.02"]
[EventType "tourn"]
[EventRounds "11"]
[EventCountry "ESP"]
[EventCategory "3"]
[Source "lmi"]
[SourceDate "2006.03.18"]

1. e4 e6 2. Qe2 Nf6 3. g3 d5 4. d3 dxe4 5. dxe4 b6 6. Nd2 Ba6 7. Qf3 Bxf1 8.
Kxf1 Nc6 9. Kg2 Bc5 10. Nb3 Nd7 11. Bf4 O-O 12. Rd1 Qc8 13. Qe2 e5 14. Bc1 Bd6
15. Nf3 a5 16. Nh4 a4 17. Nd2 Nd4 18. Qg4 Nc5 19. Nf5 g6 20. Nc4 h5 21. Ncxd6
Nxf5 22. Nxc8 hxg4 23. exf5 Raxc8 24. fxg6 fxg6 25. h3 Ne4 26. Be3 Nf6 27. Bh6
Rf7 28. Rde1 Re8 29. hxg4 1/2-1/2

[Event "Madrid ch final 2006"]
[Site "Madrid ESP"]
[Date "2006.03.01"]
[Round "1.6"]
[White "Gonzalez Somoza, Oliver"]
[Black "Vallejo Diaz, Javier"]
[Result "1/2-1/2"]
[WhiteElo "2218"]
[BlackElo "2182"]
[PlyCount "37"]
[EventDate "2006.03.02"]
[EventType "tourn"]
[EventRounds "11"]
[EventCountry "ESP"]
[EventCategory "3"]
[Source "lmi"]
[SourceDate "2006.03.18"]

1. e4 d5 2. Nc3 d4 3. Nce2 e5 4. f4 Nc6 5. d3 Bg4 6. h3 Bh5 7. fxe5 Nxe5 8. Bf4
f6 9. Qd2 Nc6 10. a3 Nge7 11. g4 Bf7 12. h4 Ng6 13. O-O-O Bc5 14. Nf3 Qe7 15.
h5 Nxf4 16. Nxf4 O-O-O 17. Re1 Ne5 18. Nxe5 fxe5 19. Nd5 1/2-1/2

[Event "Madrid ch final 2006"]
[Site "Madrid ESP"]
[Date "2006.03.02"]
[Round "2.1"]
[White "Alonso Fernandez, Marcos"]
[Black "Vallejo Diaz, Javier"]
[Result "0-1"]
[WhiteElo "2249"]
[BlackElo "2182"]
[PlyCount "88"]
[EventDate "2006.03.02"]
[EventType "tourn"]
[EventRounds "11"]
[EventCountry "ESP"]
[EventCategory "3"]
[Source "lmi"]
[SourceDate "2006.03.18"]

1. d4 d5 2. Nf3 Nf6 3. c4 c6 4. Nc3 dxc4 5. a4 Bf5 6. e3 e6 7. Bxc4 Nbd7 8. O-O
Be7 9. Qe2 O-O 10. e4 Bg4 11. Re1 Qc8 12. Bf4 Nh5 13. Be3 e5 14. h3 Bxf3 15.
Qxf3 Nhf6 16. Rac1 exd4 17. Bxd4 Qc7 18. Ba2 Qa5 19. Qe2 Rfe8 20. e5 Bf8 21. f4
Nb6 22. Qd2 Rad8 23. Qf2 Nfd5 24. Nxd5 Nxd5 25. b3 Ba3 26. Rc4 Nb6 27. b4 Qxa4
28. Ra1 Nxc4 29. Bxc4 Qxb4 30. Qa2 Rxd4 31. Bxf7+ Kf8 32. Bxe8 Kxe8 33. Qg8+
Qf8 34. Qe6+ Kd8 35. f5 Bc5 36. Kh1 Qe8 37. Qb3 Qxe5 38. Qxb7 Rd7 39. Qa8+ Ke7
40. Rf1 Bd6 41. Kg1 Qh2+ 42. Kf2 Bc5+ 43. Kf3 Rd3+ 44. Ke2 Re3+ 0-1

[Event "Madrid ch final 2006"]
[Site "Madrid ESP"]
[Date "2006.03.02"]
[Round "2.2"]
[White "Moreno Ruiz, Javier"]
[Black "Gonzalez Somoza, Oliver"]
[Result "1/2-1/2"]
[WhiteElo "2485"]
[BlackElo "2218"]
[PlyCount "94"]
[EventDate "2006.03.02"]
[EventType "tourn"]
[EventRounds "11"]
[EventCountry "ESP"]
[EventCategory "3"]
[Source "lmi"]
[SourceDate "2006.03.18"]

1. e4 c5 2. Nc3 g6 3. g3 Bg7 4. Bg2 Nc6 5. d3 e5 6. f4 d6 7. Nh3 Nge7 8. O-O
O-O 9. f5 gxf5 10. exf5 Bxf5 11. Rxf5 Nxf5 12. Be4 Nfd4 13. Qh5 Re8 14. Qxh7+
Kf8 15. Bh6 Bxh6 16. Qxh6+ Ke7 17. Nd5+ Kd7 18. Nf6+ Kc7 19. Nxe8+ Qxe8 20. c3
Qh8 21. Qxh8 Rxh8 22. cxd4 Rxh3 23. dxc5 dxc5 24. Rf1 Nd8 25. Kg2 Rh6 26. h4
Kd6 27. Kh3 b5 28. Kg4 f6 29. Rf5 Ke6 30. Rh5 Rxh5 31. Kxh5 f5 32. Bg2 Kf6 33.
Bd5 e4 34. dxe4 Ke5 35. Kg6 fxe4 36. Bb3 c4 37. Bd1 Ne6 38. h5 b4 39. h6 c3 40.
bxc3 bxc3 41. Kh5 Kf6 42. Kg4 Kg6 43. Bc2 Kxh6 44. Bxe4 Nd4 45. Kf4 c2 46. Bxc2
Nxc2 47. Ke4 Nb4 1/2-1/2

[Event "Madrid ch final 2006"]
[Site "Madrid ESP"]
[Date "2006.03.02"]
[Round "2.4"]
[White "Franco Alonso, Alejandro"]
[Black "Perez Marco, Ricardo"]
[Result "1-0"]
[WhiteElo "2421"]
[BlackElo "2217"]
[PlyCount "99"]
[EventDate "2006.03.02"]
[EventType "tourn"]
[EventRounds "11"]
[EventCountry "ESP"]
[EventCategory "3"]
[Source "lmi"]
[SourceDate "2006.03.18"]

1. d4 Nf6 2. c4 c5 3. d5 b5 4. cxb5 a6 5. bxa6 Bxa6 6. Nc3 g6 7. g3 d6 8. Bg2
Bg7 9. Nf3 O-O 10. O-O Nbd7 11. Qc2 Ng4 12. Rb1 Qc7 13. Re1 Rfb8 14. b3 Rb4 15.
Bd2 Rd4 16. a3 Nde5 17. Nxe5 Rxd2 18. Qxd2 Nxe5 19. Rec1 Qd7 20. h3 Qa7 21. Kh2
Bc8 22. Nb5 Qb8 23. a4 Ba6 24. Na3 Qe8 25. f4 Nd7 26. Nc4 h5 27. e3 Nf6 28. Rc2
Bc8 29. Nb6 Bf5 30. Nxa8 Qxa8 31. Rd1 Bxc2 32. Qxc2 Qa5 33. Qd2 Qa7 34. Rc1 Nd7
35. Rc2 Nb8 36. Bf1 Na6 37. Bxa6 Qxa6 38. a5 h4 39. gxh4 e5 40. dxe6 fxe6 41.
Ra2 d5 42. Qe2 c4 43. bxc4 dxc4 44. Ra4 Qb5 45. Qxc4 Qb2+ 46. Kg3 Qd2 47. Qxe6+
Kh7 48. Ra2 Qe1+ 49. Kh2 Bc3 50. Rg2 1-0

[Event "Madrid ch final 2006"]
[Site "Madrid ESP"]
[Date "2006.03.02"]
[Round "2.5"]
[White "Elissalt Cardenas, Hector"]
[Black "Almagro Llanas, Pablo"]
[Result "0-1"]
[WhiteElo "2346"]
[BlackElo "2340"]
[PlyCount "68"]
[EventDate "2006.03.02"]
[EventType "tourn"]
[EventRounds "11"]
[EventCountry "ESP"]
[EventCategory "3"]
[Source "lmi"]
[SourceDate "2006.03.18"]

1. Nf3 Nf6 2. g3 d5 3. d3 Bg4 4. Nbd2 Nbd7 5. h3 Bh5 6. g4 Bg6 7. Nh4 e5 8.
Nxg6 hxg6 9. Bg2 c6 10. c4 Nc5 11. b3 Ne6 12. e3 d4 13. Ne4 Nxe4 14. Bxe4 dxe3
15. Bxe3 Bc5 16. Qd2 Bxe3 17. fxe3 Nc5 18. Qc3 Qg5 19. Ke2 O-O-O 20. b4 Nxe4
21. dxe4 Rd7 22. c5 Qe7 23. a4 Qe6 24. b5 Rhd8 25. Rhc1 f5 26. gxf5 gxf5 27.
bxc6 Qxc6 28. Qxe5 fxe4 29. Rd1 Qa6+ 30. Ke1 Qa5+ 31. Ke2 Rd2+ 32. Rxd2 Rxd2+
33. Kf1 Qa6+ 34. Kg1 Qg6+ 0-1

[Event "Madrid ch final 2006"]
[Site "Madrid ESP"]
[Date "2006.03.02"]
[Round "2.6"]
[White "Vazquez, Renier"]
[Black "Perez Gonzalez, Jose Manuel"]
[Result "1/2-1/2"]
[WhiteElo "2513"]
[BlackElo "2262"]
[PlyCount "171"]
[EventDate "2006.03.02"]
[EventType "tourn"]
[EventRounds "11"]
[EventCountry "ESP"]
[EventCategory "3"]
[Source "lmi"]
[SourceDate "2006.03.18"]

1. c4 Nf6 2. Nc3 g6 3. g3 Bg7 4. Bg2 O-O 5. Nf3 d6 6. d4 Nc6 7. d5 Na5 8. Nd2
c5 9. O-O a6 10. Qc2 Rb8 11. b3 b5 12. Bb2 bxc4 13. bxc4 Bh6 14. f4 e5 15. dxe6
Bxe6 16. Nd5 Rxb2 17. Qxb2 Bg7 18. Qa3 Nxc4 19. Nxc4 Nxd5 20. Rac1 Nb4 21. Kh1
Re8 22. Bf3 Bd5 23. Rfd1 Bxf3+ 24. Qxf3 Nxa2 25. Rxd6 Qb8 26. Rcd1 Nc3 27. Rb6
Nxd1 28. Rxb8 Rxb8 29. Qc6 Nb2 30. Qxa6 Nxc4 31. Qxc4 Bd4 32. Kg2 Re8 33. Kf1
h5 34. Qd5 Kg7 35. e4 Rb8 36. e5 Rb1+ 37. Ke2 Rb2+ 38. Kd3 Rxh2 39. Qd7 Kg8 40.
Kc4 Re2 41. Qd8+ Kg7 42. Qf6+ Kg8 43. Kd5 Ra2 44. f5 gxf5 45. Qg5+ Kf8 46. Qh6+
Kg8 47. e6 fxe6+ 48. Qxe6+ Kg7 49. Qxf5 Re2 50. Qg5+ Kf8 51. Qh6+ Kg8 52. Qg6+
Kf8 53. Kd6 Re5 54. Kd7 Bc3 55. Kd6 Bd4 56. Qh7 Bc3 57. Kc6 Bd4 58. Kb5 Bc3 59.
Kc4 Bd4 60. Qg6 Bb2 61. Qd6+ Kf7 62. Qc7+ Re7 63. Qxc5 Be5 64. Kd3 Kf6 65. Qe3
Rg7 66. Qh6+ Rg6 67. Qf8+ Ke6 68. Qe8+ Kf6 69. Ke4 Rg4+ 70. Kd5 Rd4+ 71. Kc5
Rg4 72. Qh8+ Ke6 73. Qh6+ Bf6 74. Qe3+ Be5 75. Qb3+ Kf6 76. Qf3+ Ke6 77. Qd5+
Kf6 78. Qd8+ Ke6 79. Qe8+ Kf6 80. Kd5 Rd4+ 81. Kc6 Rd6+ 82. Kc5 Bxg3 83. Qxh5
Be5 84. Qh6+ Kf5 85. Qxd6 Bxd6+ 86. Kxd6 1/2-1/2

[Event "Madrid ch final 2006"]
[Site "Madrid ESP"]
[Date "2006.03.03"]
[Round "3.1"]
[White "Perez Gonzalez, Jose Manuel"]
[Black "Alonso Fernandez, Marcos"]
[Result "1-0"]
[WhiteElo "2262"]
[BlackElo "2249"]
[PlyCount "105"]
[EventDate "2006.03.02"]
[EventType "tourn"]
[EventRounds "11"]
[EventCountry "ESP"]
[EventCategory "3"]
[Source "lmi"]
[SourceDate "2006.03.18"]

1. e4 c5 2. Nf3 Nc6 3. d4 cxd4 4. Nxd4 e6 5. Nc3 a6 6. Be2 Qc7 7. O-O b5 8.
Nxc6 Qxc6 9. Bf3 Bb7 10. Re1 Ne7 11. Bf4 Ng6 12. Bg3 Be7 13. a4 b4 14. Nd5 exd5
15. exd5 Qf6 16. d6 Bxf3 17. Qxf3 Qxf3 18. gxf3 f5 19. h4 f4 20. h5 fxg3 21.
hxg6 gxf2+ 22. Kxf2 hxg6 23. Rxe7+ Kd8 24. Rxg7 Kc8 25. Rg1 a5 26. R7xg6 Ra6
27. Rg8+ Rxg8 28. Rxg8+ Kb7 29. Ke3 Rxd6 30. Rg5 Kb6 31. f4 Rd1 32. Rg2 Kc5 33.
Rf2 Re1+ 34. Kd3 Rd1+ 35. Ke2 Rd6 36. f5 Rf6 37. Ke3 b3 38. c3 d5 39. Kf4 Rf8
40. Kg5 d4 41. cxd4+ Kxd4 42. f6 Ke3 43. Rh2 Rg8+ 44. Kf5 Rg3 45. f7 Rf3+ 46.
Ke6 Kd3 47. Rh5 Kc2 48. Rxa5 Kxb2 49. Rf5 Re3+ 50. Kf6 Ka1 51. Rf1+ Ka2 52.
f8=Q b2 53. Qb4 1-0

[Event "Madrid ch final 2006"]
[Site "Madrid ESP"]
[Date "2006.03.03"]
[Round "3.2"]
[White "Almagro Llanas, Pablo"]
[Black "Vazquez, Renier"]
[Result "0-1"]
[WhiteElo "2340"]
[BlackElo "2513"]
[PlyCount "92"]
[EventDate "2006.03.02"]
[EventType "tourn"]
[EventRounds "11"]
[EventCountry "ESP"]
[EventCategory "3"]
[Source "lmi"]
[SourceDate "2006.03.18"]

1. e4 c5 2. Nf3 Nc6 3. Bb5 e6 4. Bxc6 bxc6 5. O-O Ne7 6. Ng5 h6 7. Nh3 d5 8. d3
e5 9. Qh5 Ng6 10. f4 Bxh3 11. f5 Bxg2 12. Kxg2 Nf4+ 13. Bxf4 exf4 14. Rxf4 Qg5+
15. Qxg5 hxg5 16. Rg4 Rb8 17. b3 Bd6 18. h3 Be5 19. c3 Rd8 20. exd5 Rxd5 21. d4
Bf4 22. Na3 Rxf5 23. Re1+ Kd7 24. Nc4 cxd4 25. cxd4 f6 26. Rf1 Rd5 27. h4 f5
28. Rfxf4 fxg4 29. hxg5 Ke6 30. Rxg4 Rhd8 31. Re4+ Kf5 32. Re7 R5d7 33. Re5+
Kf4 34. Ra5 Rc7 35. Ne5 Rxd4 36. Ng6+ Kg4 37. Ne5+ Kh5 38. Nf3 Rd5 39. Ra4 Re7
40. Rh4+ Kg6 41. Rc4 c5 42. Kf2 Rf5 43. Kg2 Re2+ 44. Kg3 Re3 45. Rf4 Rxf4 46.
Kxf4 Rxf3+ 0-1

[Event "Madrid ch final 2006"]
[Site "Madrid ESP"]
[Date "2006.03.03"]
[Round "3.4"]
[White "Pastor Alonso, Alberto"]
[Black "Franco Alonso, Alejandro"]
[Result "0-1"]
[WhiteElo "2192"]
[BlackElo "2421"]
[PlyCount "106"]
[EventDate "2006.03.02"]
[EventType "tourn"]
[EventRounds "11"]
[EventCountry "ESP"]
[EventCategory "3"]
[Source "lmi"]
[SourceDate "2006.03.18"]

1. e4 c5 2. Nf3 d6 3. c3 Nf6 4. Bd3 Bg4 5. O-O Nc6 6. h3 Bxf3 7. Qxf3 g6 8. Bb5
Nd7 9. Bxc6 bxc6 10. d3 Bg7 11. Qg3 O-O 12. Nd2 e5 13. Nf3 Rb8 14. Nh4 Nf6 15.
Qf3 d5 16. b3 Ne8 17. g3 f5 18. exf5 gxf5 19. Qh5 Nd6 20. Be3 Qa5 21. c4 f4 22.
Bc1 Qc3 23. Ba3 fxg3 24. Bxc5 gxf2+ 25. Kg2 Rf6 26. Qe2 e4 27. Rad1 Qe5 28.
Bxd6 Rxd6 29. dxe4 Rh6 30. Qg4 Qf6 31. Rxf2 Rxh4 32. Qg3 Qd8 33. exd5 Rh6 34.
dxc6 Qe8 35. c7 Rg6 36. cxb8=Q Qxb8 37. Qxg6 hxg6 38. Rd7 Qa8+ 39. Rd5 Qe8 40.
Rfd2 Qe4+ 41. Kf2 Bc3 42. Re2 Bd4+ 43. Ke1 Be3 44. Rb2 Qh1+ 45. Ke2 Qxh3 46.
Rb1 Bf4 47. Rbd1 Qe3+ 48. Kf1 Qf3+ 49. Kg1 g5 50. R1d3 Be3+ 51. Kh2 g4 52. Rg5+
Kf7 53. Rxg4 Qe2+ 0-1

[Event "Madrid ch final 2006"]
[Site "Madrid ESP"]
[Date "2006.03.03"]
[Round "3.6"]
[White "Vallejo Diaz, Javier"]
[Black "Moreno Ruiz, Javier"]
[Result "1/2-1/2"]
[WhiteElo "2182"]
[BlackElo "2485"]
[PlyCount "60"]
[EventDate "2006.03.02"]
[EventType "tourn"]
[EventRounds "11"]
[EventCountry "ESP"]
[EventCategory "3"]
[Source "lmi"]
[SourceDate "2006.03.18"]

1. e4 c5 2. Nc3 Nc6 3. f4 g6 4. Nf3 Bg7 5. g3 d6 6. d3 e6 7. Bg2 Nge7 8. O-O
O-O 9. Ne2 Rb8 10. a4 a6 11. c3 b6 12. h3 h6 13. g4 f5 14. Ng3 Qc7 15. gxf5
exf5 16. Be3 Be6 17. Nh4 Kh7 18. Qe2 Rbe8 19. Rae1 Qd7 20. exf5 Nxf5 21. Ngxf5
gxf5 22. Qh5 Nd8 23. Qg6+ Kg8 24. Bd2 Rf6 25. Qh5 Bf7 26. Rxe8+ Bxe8 27. Qf3
Qc6 28. Re1 Qxf3 29. Bxf3 Kf8 30. b3 Bf7 1/2-1/2

[Event "Madrid ch final 2006"]
[Site "Madrid ESP"]
[Date "2006.03.07"]
[Round "4.1"]
[White "Alonso Fernandez, Marcos"]
[Black "Moreno Ruiz, Javier"]
[Result "1/2-1/2"]
[WhiteElo "2249"]
[BlackElo "2485"]
[PlyCount "112"]
[EventDate "2006.03.02"]
[EventType "tourn"]
[EventRounds "11"]
[EventCountry "ESP"]
[EventCategory "3"]
[Source "lmi"]
[SourceDate "2006.03.18"]

1. e4 e6 2. d4 d5 3. Nd2 Nf6 4. e5 Nfd7 5. c3 c5 6. f4 Nc6 7. Ndf3 Qb6 8. g3
cxd4 9. cxd4 Be7 10. Bh3 O-O 11. Kf1 Kh8 12. Kg2 f6 13. Ne2 fxe5 14. fxe5 Ndxe5
15. dxe5 Nxe5 16. Nfd4 Bc5 17. b4 Qxb4 18. Bf4 Nc4 19. Rb1 Qa3 20. Qb3 e5 21.
Qxa3 Bxa3 22. Bxc8 Raxc8 23. Rxb7 exf4 24. Nxf4 Bb2 25. Nde6 Rfe8 26. Rb1 Bf6
27. Rxa7 g5 28. Rbb7 gxf4 29. Rxh7+ Kg8 30. Nxf4 Ne3+ 31. Kf3 Rc3 32. Ne2 Rc2
33. Rhf7 Bh8 34. Rae7 Rxe7 35. Rxe7 Nc4 36. Re8+ Kh7 37. Re7+ Bg7 38. Nd4 Rc3+
39. Kg4 Ne5+ 40. Kh5 Kg8 41. Nf5 Bf6 42. Re8+ Kh7 43. Re6 Rc6 44. Rxc6 Nxc6 45.
g4 d4 46. g5 Be5 47. h4 d3 48. g6+ Kg8 49. Ne3 Bf4 50. Nd1 Ne5 51. a4 Bd2 52.
Nf2 Kg7 53. Nd1 Kf6 54. Nf2 Bb4 55. Kh6 Bf8+ 56. Kh7 Nxg6 1/2-1/2

[Event "Madrid ch final 2006"]
[Site "Madrid ESP"]
[Date "2006.03.07"]
[Round "4.3"]
[White "Franco Alonso, Alejandro"]
[Black "Gonzalez Somoza, Oliver"]
[Result "1/2-1/2"]
[WhiteElo "2421"]
[BlackElo "2218"]
[PlyCount "40"]
[EventDate "2006.03.02"]
[EventType "tourn"]
[EventRounds "11"]
[EventCountry "ESP"]
[EventCategory "3"]
[Source "lmi"]
[SourceDate "2006.03.18"]

1. d4 f5 2. g3 g6 3. Bg2 Bg7 4. Nf3 Nf6 5. c4 O-O 6. O-O e6 7. Nc3 d5 8. Bf4 c6
9. b3 Nbd7 10. Qc2 Ne4 11. Rad1 Qe7 12. Bc1 a6 13. Nb1 b5 14. Ne1 Bb7 15. f3
Nd6 16. Ba3 a5 17. Bxd6 Qxd6 18. c5 Qe7 19. f4 b4 20. Nf3 Ba6 1/2-1/2

[Event "Madrid ch final 2006"]
[Site "Madrid ESP"]
[Date "2006.03.07"]
[Round "4.4"]
[White "Elissalt Cardenas, Hector"]
[Black "Pastor Alonso, Alberto"]
[Result "1-0"]
[WhiteElo "2346"]
[BlackElo "2192"]
[PlyCount "93"]
[EventDate "2006.03.02"]
[EventType "tourn"]
[EventRounds "11"]
[EventCountry "ESP"]
[EventCategory "3"]
[Source "lmi"]
[SourceDate "2006.03.18"]

1. c4 e6 2. Nf3 d5 3. g3 Nf6 4. Bg2 Be7 5. O-O O-O 6. b3 c6 7. Bb2 a5 8. d3 b5
9. Nbd2 a4 10. cxb5 cxb5 11. a3 axb3 12. Qxb3 Nbd7 13. Bd4 Qa5 14. Rfb1 Ba6 15.
Bc3 Qc7 16. Rc1 Rfc8 17. Qb2 Qd8 18. Nb3 Qf8 19. Bb4 Rxc1+ 20. Nxc1 Nc5 21. Ne5
Rc8 22. d4 Ncd7 23. Ncd3 Nxe5 24. Nxe5 Qd8 25. Rc1 Rxc1+ 26. Qxc1 Bxb4 27. axb4
Qc8 28. Qc5 Nd7 29. Nxd7 Qxd7 30. e3 Bb7 31. h4 g6 32. Bf1 Bc6 33. g4 h6 34.
Kh2 Kg7 35. Kg3 Qb7 36. Bd3 Be8 37. g5 hxg5 38. hxg5 Qd7 39. e4 Qd8 40. f4 dxe4
41. Bxe4 Qd7 42. Kf3 Kg8 43. Ke3 Qd8 44. d5 exd5 45. Bxd5 Bd7 46. Qd6 Qc8 47.
Qxg6+ 1-0

[Event "Madrid ch final 2006"]
[Site "Madrid ESP"]
[Date "2006.03.07"]
[Round "4.5"]
[White "Vazquez, Renier"]
[Black "Perez Marco, Ricardo"]
[Result "1-0"]
[WhiteElo "2513"]
[BlackElo "2217"]
[PlyCount "70"]
[EventDate "2006.03.02"]
[EventType "tourn"]
[EventRounds "11"]
[EventCountry "ESP"]
[EventCategory "3"]
[Source "lmi"]
[SourceDate "2006.03.18"]

1. d4 Nf6 2. Nf3 c5 3. g3 cxd4 4. Nxd4 d5 5. Bg2 g6 6. O-O Bg7 7. c4 O-O 8.
cxd5 Nxd5 9. Nc3 Nxc3 10. bxc3 Qa5 11. Qb3 Na6 12. Ba3 Re8 13. Rab1 Rb8 14. Bd5
e6 15. Bg2 Bd7 16. Bd6 Ba4 17. Qa3 Rbc8 18. Nb3 Qd8 19. Qxa4 Qxd6 20. Bxb7 Nc5
21. Nxc5 Qxc5 22. Bxc8 Rxc8 23. Rb7 a5 24. Rb5 Qxc3 25. Rxa5 h5 26. Ra8 Bf6 27.
Rxc8+ Qxc8 28. Qe4 h4 29. a4 Qc5 30. Qa8+ Kg7 31. a5 Be5 32. e3 Qc7 33. Kg2 Qc4
34. a6 Qe2 35. Qe4 h3+ 1-0

[Event "Madrid ch final 2006"]
[Site "Madrid ESP"]
[Date "2006.03.07"]
[Round "4.6"]
[White "Perez Gonzalez, Jose Manuel"]
[Black "Almagro Llanas, Pablo"]
[Result "0-1"]
[WhiteElo "2262"]
[BlackElo "2340"]
[PlyCount "82"]
[EventDate "2006.03.02"]
[EventType "tourn"]
[EventRounds "11"]
[EventCountry "ESP"]
[EventCategory "3"]
[Source "lmi"]
[SourceDate "2006.03.18"]

1. e4 c6 2. d4 d5 3. e5 Bf5 4. Nc3 e6 5. g4 Bg6 6. Nge2 c5 7. Be3 Nc6 8. dxc5
Nxe5 9. Nd4 Bxc5 10. Bb5+ Nd7 11. Nxe6 fxe6 12. Bxc5 a6 13. Bxd7+ Qxd7 14. Qe2
Nf6 15. g5 Ne4 16. Nxe4 Bxe4 17. f3 Bg6 18. c3 Rc8 19. Bd4 O-O 20. O-O Rce8 21.
Be5 Qa4 22. f4 Be4 23. Rfd1 Rf5 24. Rd4 Qc6 25. Qe3 a5 26. c4 Ref8 27. Rc1 Qe8
28. Bd6 R8f7 29. cxd5 exd5 30. Qc3 Rd7 31. Be5 Qe6 32. Qg3 Rdf7 33. Rc3 b5 34.
a3 Rf8 35. b4 axb4 36. Rxb4 Qb6+ 37. Bd4 Qg6 38. Be5 Qh5 39. Rc1 h6 40. gxh6
Qxh6 41. Rc7 Rxe5 0-1

[Event "Madrid ch final 2006"]
[Site "Madrid ESP"]
[Date "2006.03.08"]
[Round "5.1"]
[White "Almagro Llanas, Pablo"]
[Black "Alonso Fernandez, Marcos"]
[Result "1/2-1/2"]
[WhiteElo "2340"]
[BlackElo "2249"]
[PlyCount "102"]
[EventDate "2006.03.02"]
[EventType "tourn"]
[EventRounds "11"]
[EventCountry "ESP"]
[EventCategory "3"]
[Source "lmi"]
[SourceDate "2006.03.18"]

1. e4 c5 2. Nf3 e6 3. d4 cxd4 4. Nxd4 Nc6 5. Nc3 a6 6. Be2 Qc7 7. O-O Nf6 8.
Be3 Bb4 9. Nxc6 bxc6 10. Na4 Be7 11. Bb6 Qf4 12. Bd3 Rb8 13. Qe2 d5 14. g3 Qg4
15. f3 Qh3 16. e5 Nd7 17. Ba7 Rb4 18. b3 c5 19. c3 Rb7 20. Bxa6 Rxa7 21. Bxc8
O-O 22. Bxd7 Rxd7 23. Rad1 f6 24. exf6 gxf6 25. f4 Bd6 26. c4 d4 27. b4 cxb4
28. Rxd4 Bc5 29. Nxc5 Rxd4 30. Qxe6+ Qxe6 31. Nxe6 Rxc4 32. Nxf8 Kxf8 33. Rf2
Ke7 34. Kg2 Kd6 35. Kf3 f5 36. Ke3 Kc5 37. g4 Rc3+ 38. Kd2 Ra3 39. Kc1 fxg4 40.
f5 Kd6 41. f6 Rf3 42. Rxf3 gxf3 43. Kd2 Ke6 44. Ke3 Kxf6 45. Kxf3 Kf5 46. h3 h6
47. Ke3 Ke5 48. Kd3 Kd5 49. Ke3 Ke5 50. Kd3 Kd5 51. Ke3 Ke5 1/2-1/2

[Event "Madrid ch final 2006"]
[Site "Madrid ESP"]
[Date "2006.03.08"]
[Round "5.2"]
[White "Perez Marco, Ricardo"]
[Black "Perez Gonzalez, Jose Manuel"]
[Result "0-1"]
[WhiteElo "2217"]
[BlackElo "2262"]
[PlyCount "38"]
[EventDate "2006.03.02"]
[EventType "tourn"]
[EventRounds "11"]
[EventCountry "ESP"]
[EventCategory "3"]
[Source "lmi"]
[SourceDate "2006.03.18"]

1. e4 d6 2. d4 Nf6 3. Nc3 g6 4. Bg5 Bg7 5. Qd2 h6 6. Bf4 g5 7. Bg3 Nh5 8. Nf3
g4 9. Nh4 Nc6 10. Bb5 Bd7 11. Bxc6 bxc6 12. Ne2 c5 13. c3 cxd4 14. Nxd4 e6 15.
O-O Bf6 16. e5 dxe5 17. Ndf3 gxf3 18. Nxf3 Nxg3 19. fxg3 Bb5 0-1

[Event "Madrid ch final 2006"]
[Site "Madrid ESP"]
[Date "2006.03.08"]
[Round "5.3"]
[White "Pastor Alonso, Alberto"]
[Black "Vazquez, Renier"]
[Result "0-1"]
[WhiteElo "2192"]
[BlackElo "2513"]
[PlyCount "122"]
[EventDate "2006.03.02"]
[EventType "tourn"]
[EventRounds "11"]
[EventCountry "ESP"]
[EventCategory "3"]
[Source "lmi"]
[SourceDate "2006.03.18"]

1. e4 c5 2. c3 d5 3. exd5 Qxd5 4. Nf3 Nf6 5. d4 Bg4 6. Be2 e6 7. Na3 Nc6 8. Bf4
Be7 9. Nb5 O-O 10. Be3 cxd4 11. Nbxd4 Rfd8 12. O-O Nxd4 13. Qxd4 Qh5 14. Qa4
Nd5 15. Bc1 b5 16. Qxb5 e5 17. Re1 Rab8 18. Qa4 Bd6 19. h3 Bd7 20. Qh4 Qxh4 21.
Nxh4 e4 22. Bg4 Nf6 23. Bxd7 Rxd7 24. Nf5 Be5 25. Ne3 Rc8 26. Ng4 Nxg4 27. hxg4
g6 28. Bh6 f5 29. Rad1 Rcd8 30. Rxd7 Rxd7 31. g3 Kf7 32. Kf1 Ke6 33. gxf5+ gxf5
34. Ke2 Rb7 35. Bc1 h5 36. Rd1 h4 37. gxh4 f4 38. Rd8 Rh7 39. Ra8 Bd6 40. b3
Rxh4 41. Rxa7 f3+ 42. Kd1 Bc5 43. Ra6+ Kd7 44. Rh6 Rg4 45. Rh2 Rg1+ 46. Kc2 Rg2
47. Bf4 Rxh2 48. Bxh2 e3 49. Bg3 exf2 50. Bxf2 Bxf2 51. Kd3 Bb6 52. b4 Kd6 53.
c4 Bd4 54. Kd2 Ke5 55. c5 Ke4 56. c6 Bc3+ 57. Kc2 Be5 58. Kd2 Bg3 59. a4 Bd6
60. b5 Bc7 61. Ke1 Ke3 0-1

[Event "Madrid ch final 2006"]
[Site "Madrid ESP"]
[Date "2006.03.08"]
[Round "5.5"]
[White "Vallejo Diaz, Javier"]
[Black "Franco Alonso, Alejandro"]
[Result "0-1"]
[WhiteElo "2182"]
[BlackElo "2421"]
[PlyCount "46"]
[EventDate "2006.03.02"]
[EventType "tourn"]
[EventRounds "11"]
[EventCountry "ESP"]
[EventCategory "3"]
[Source "lmi"]
[SourceDate "2006.03.18"]

1. e4 c5 2. Nc3 Nc6 3. f4 g6 4. Nf3 Bg7 5. g3 d6 6. d3 e6 7. Bg2 Nge7 8. O-O
O-O 9. a4 b6 10. Ne2 f5 11. e5 Rb8 12. exd6 Qxd6 13. Nc3 Bb7 14. Re1 Rfe8 15.
Bd2 Qd7 16. Qb1 Nd4 17. Nxd4 Bxd4+ 18. Be3 Bf6 19. Bxb7 Qxb7 20. Qa2 Nc6 21.
Ne2 h5 22. c3 h4 23. Bf2 h3 0-1